| 000 | 00751 a2200181 4500 | ||
|---|---|---|---|
| 003 | Nust | ||
| 005 | 20170207153214.0 | ||
| 040 | _cNust | ||
| 082 | _a005.1 | ||
| 100 | _aAhmed, Junaid Jameel (MSCS-13) | ||
| 245 |
_aEnergy efficient video compression for wireless sensor networks _cJunaid Jameel Ahmed |
||
| 260 |
_bMCS,NUST _c2009 _aRawalpindi |
||
| 300 | _ax, 58, p.; | ||
| 505 | _aIntroduction (page-1) Background and related work (page-7) Methodology (page-18) Experimental setup (page-22) Ennrgy efficiency of predictive video coding without change-detection (page-34) Energy efficiency of distributed video coding (page-41) Conclusions and future work (page-52) | ||
| 538 | _aAlmirah No 69 Shelf No 4 | ||
| 650 | _aPG Thesis | ||
| 651 | _aMSCS-13 | ||
| 942 | _cTHS | ||
| 999 |
_c181522 _d181522 |
||